Sports Quiz

Random Sports or NFL Quiz

NFL Top Rushing QBs by Team (Season) Quiz Stats

 Plays Quiz Updated Jan 5, 2018

Challenge
Share
Tweet
Embed
Score 0/161 Timer 15:00
1 Play Today
Team QB % Correct
Atlanta FalconsMichael Vick
94%
Atlanta FalconsMichael Vick
94%
Atlanta FalconsMichael Vick
94%
Atlanta FalconsMichael Vick
94%
Philadelphia EaglesMichael Vick
94%
Carolina PanthersCam Newton
91.6%
Carolina PanthersCam Newton
91.6%
Carolina PanthersCam Newton
91.6%
Carolina PanthersCam Newton
91.6%
Kansas City ChiefsAlex Smith
89.6%
New York JetsGeno Smith
89.4%
Seattle SeahawksRussell Wilson
89.2%
Seattle SeahawksRussell Wilson
89.2%
Seattle SeahawksRussell Wilson
89.2%
Seattle SeahawksRussell Wilson
85.6%
Green Bay PackersAaron Rodgers
85.3%
Kansas City ChiefsAlex Smith
84.1%
San Francisco 49ersSteve Young
83%
San Francisco 49ersSteve Young
83%
Tampa Bay BuccaneersSteve Young
83%
Washington RedskinsRobert Griffin III
82.8%
Washington RedskinsRobert Griffin III
82.8%
Tennessee TitansVince Young
82.7%
San Francisco 49ersColin Kaepernick
82.5%
Indianapolis ColtsAndrew Luck
82.2%
Buffalo BillsTyrod Taylor
79%
New York JetsRyan Fitzpatrick
78.8%
Minnesota VikingsDaunte Culpepper
78.2%
Minnesota VikingsDaunte Culpepper
78.2%
Minnesota VikingsDaunte Culpepper
78.2%
Minnesota VikingsDaunte Culpepper
78.2%
Minnesota VikingsDaunte Culpepper
78.2%
Dallas CowboysDak Prescott
77.7%
San Francisco 49ersColin Kaepernick
76.6%
San Francisco 49ersColin Kaepernick
76.6%
Tennessee TitansSteve McNair
76%
Tennessee TitansSteve McNair
76%
Tennessee TitansSteve McNair
76%
Tennessee TitansSteve McNair
76%
Houston TexansDavid Carr
75.7%
Houston TexansDavid Carr
75.7%
Houston TexansDavid Carr
75.7%
Houston TexansDavid Carr
75.7%
Denver BroncosJohn Elway
75.3%
Denver BroncosJohn Elway
75.3%
Denver BroncosJohn Elway
75.3%
New Orleans SaintsArchie Manning
74.2%
New Orleans SaintsArchie Manning
74.2%
New Orleans SaintsArchie Manning
74.2%
Miami DolphinsRyan Tannehill
73.2%
Miami DolphinsRyan Tannehill
73.2%
Denver BroncosTim Tebow
73.2%
Philadelphia EaglesDonovan McNabb
71.8%
Dallas CowboysTroy Aikman
69.1%
Team QB % Correct
Baltimore RavensJoe Flacco
69.1%
Philadelphia EaglesRandall Cunningham
68.5%
Philadelphia EaglesRandall Cunningham
68.5%
Philadelphia EaglesRandall Cunningham
68.5%
New England PatriotsMatt Cassel
67.7%
Buffalo BillsTyrod Taylor
66.9%
Jacksonville JaguarsBlake Bortles
65.8%
Houston TexansDeshaun Watson
65.3%
Dallas CowboysRoger Staubach
64.6%
Dallas CowboysRoger Staubach
64.6%
Dallas CowboysRoger Staubach
64.6%
Jacksonville JaguarsBlake Bortles
61.4%
Pittsburgh SteelersKordell Stewart
60.5%
Pittsburgh SteelersKordell Stewart
60.5%
Pittsburgh SteelersKordell Stewart
60.5%
Pittsburgh SteelersKordell Stewart
60.5%
Jacksonville JaguarsMark Brunell
59.8%
Jacksonville JaguarsMark Brunell
59.8%
Oakland RaidersRich Gannon
59.4%
Oakland RaidersRich Gannon
59.4%
Oakland RaidersRich Gannon
59.4%
Cleveland BrownsDeShone Kizer
58.4%
Buffalo BillsRob Johnson
56.9%
Jacksonville JaguarsDavid Garrard
55.4%
New Orleans SaintsAaron Brooks
51.8%
New Orleans SaintsAaron Brooks
51.8%
Los Angeles ChargersDan Fouts
49.8%
Tampa Bay BuccaneersJosh Freeman
49.4%
Arizona CardinalsJake Plummer
46.5%
Indianapolis ColtsAndrew Luck
45.1%
Seattle SeahawksRussell Wilson
44.5%
Cincinnati BengalsKen Anderson
43.9%
Cincinnati BengalsKen Anderson
43.9%
Buffalo BillsDoug Flutie
43.5%
Los Angeles ChargersDoug Flutie
43.5%
Oakland RaidersTerrelle Pryor
43.2%
Tampa Bay BuccaneersDoug Williams
40%
Carolina PanthersCam Newton
39.6%
Baltimore RavensVinny Testaverde
39.5%
Tampa Bay BuccaneersVinny Testaverde
39.5%
Cleveland BrownsTim Couch
38.9%
Oakland RaidersJason Campbell
34.7%
Washington RedskinsJason Campbell
34.7%
Washington RedskinsJoe Theismann
34.7%
Indianapolis ColtsBert Jones
34.6%
New York GiantsFran Tarkenton
33.6%
New York GiantsFran Tarkenton
33.6%
New York GiantsFran Tarkenton
33.6%
New England PatriotsSteve Grogan
31.8%
New England PatriotsSteve Grogan
31.8%
New England PatriotsSteve Grogan
31.8%
New England PatriotsSteve Grogan
31.8%
New York GiantsJeff Hostetler
30.5%
Baltimore RavensJim Harbaugh
29.9%
Team QB % Correct
Chicago BearsJim Harbaugh
29.9%
Baltimore RavensKyle Boller
29.5%
Buffalo BillsTyrod Taylor
28.8%
Kansas City ChiefsAlex Smith
28.5%
Miami DolphinsJay Fiedler
28.2%
Miami DolphinsJay Fiedler
28.2%
Green Bay PackersAaron Rodgers
28%
Los Angeles RamsTony Banks
24%
Los Angeles RamsTony Banks
24%
Cincinnati BengalsJeff Blake
23.4%
Cincinnati BengalsJeff Blake
23.4%
Cincinnati BengalsJeff Blake
23.4%
New York GiantsDave Brown
23.3%
Detroit LionsBobby Layne
23.1%
Tampa Bay BuccaneersShaun King
21.4%
Green Bay PackersDon Majkowski
21%
Los Angeles ChargersJack Kemp
16.3%
Los Angeles RamsRoman Gabriel
15.9%
Los Angeles ChargersJohn Hadl
15.6%
New York JetsRichard Todd
13.7%
Chicago BearsBobby Douglass
13.2%
Chicago BearsBobby Douglass
13.2%
Chicago BearsBobby Douglass
13.2%
Miami DolphinsDavid Woodley
13.2%
Los Angeles ChargersMark Malone
12.5%
Kansas City ChiefsTyler Thigpen
12.1%
Detroit LionsGreg Landry
10.4%
Detroit LionsGreg Landry
10.4%
Los Angeles RamsPat Haden
7.7%
Cleveland BrownsMike Phipps
5.5%
Cleveland BrownsMike Phipps
5.5%
Cleveland BrownsMike Phipps
5.5%
Baltimore RavensStoney Case
5.2%
Detroit LionsTobin Rote
4.8%
Green Bay PackersTobin Rote
4.8%
Green Bay PackersTobin Rote
4.8%
Arizona CardinalsTimm Rosenbach
4%
Kansas City ChiefsSteve Fuller
3.7%
Pittsburgh SteelersCliff Stoudt
3.4%
Indianapolis ColtsMike Pagel
3.3%
Los Angeles RamsBilly Wade
3.2%
Dallas CowboysSteve Pelluer
3%
Chicago BearsJohnny Lujack
1.9%
Atlanta FalconsDavid Archer
1.7%
Denver BroncosMarlin Briscoe
1.7%
Indianapolis ColtsGeorge Shaw
1.7%
Arizona CardinalsCharlie Trippi
1.5%
Arizona CardinalsCharlie Trippi
1.5%
New York JetsAl Dorow
1.1%
New York JetsAl Dorow
1.1%
Arizona CardinalsM.C. Reynolds
0.9%
Detroit LionsFred Enke
0.5%
Washington RedskinsRalph Guglielmi
0.3%

You're not logged in!

Compare scores with friends on all Sporcle quizzes.
OR
Log In

You Might Also Like...

Show Comments

Extras

Top Quizzes Today


Score Distribution

Your Account Isn't Verified!

In order to create a playlist on Sporcle, you need to verify the email address you used during registration. Go to your Sporcle Settings to finish the process.

Report this User

Report this user for behavior that violates our Community Guidelines.

Details: